Phare Address Book March 1996

Saved in:
Bibliographic Details
Format: Book
Language:English
Published: Brussels European Commission 1996
Edition:1. ed.
Subjects:
Tags: Add Tag
No Tags, Be the first to tag this record!

MARC

LEADER 00000nam a2200000 4500
001 c014170
005 20221221083154.3
041 0 |a eng 
044 |a BE 
245 1 0 |a Phare Address Book  |b March 1996 
250 |a 1. ed. 
264 1 |a Brussels  |b European Commission  |c 1996 
300 |a 72 s. 
610 2 0 |a Európska únia 
610 2 0 |a pomoc rozvojová 
610 2 0 |a organizácie ekonomické medzinárodné 
610 2 0 |a programy rozvojové 
610 2 0 |a Phare